| Registos Bibliográficos associados ao registo de autoridade |
|
Etiqueta de registo: 00254nam 2200025 450 001 2215300 003 http://id.bnportugal.gov.pt/bib/catbnp/2215300 100 ## $a20250522d1970 d y0pory01030103ba 101 0# $apor 102 ## $aPT 105 ## $aa z 000yy 106 ## $ar 200 1# $aHistória e Geografia de Portugal$epara o ciclo preparatório do ensino secundário, 1º ano$fMaria Helena de Almeida Cavaco, Maria Helena Porto Costa$gil. Rui Costa Pinto, José Garcês, Humberto Avelar 210 #9 $a[S.l.]$cVerbo Escolar,$d1970 215 ## $a226, [5] p.$cil.$d24 cm 317 ## $aBiblioteca Matilde Rosa Araújo$5PTBN: H.G. 89293 V. 675 ## $a94(075.2)$vBN$zpor$31219124 675 ## $a91(075.2)$vBN$zpor$31224511 700 #1 $92$aCavaco,$bMaria Helena$3284121 701 #1 $aCosta,$bMaria Helena Porto$4070$3257737 702 #1 $92$aPinto,$bRui Costa$4440$31955845 702 #1 $aGarcês,$bJosé,$f1928-2020$4440$330188 702 #1 $aAvelar,$bHumberto,$f1926-1985$4440$31955846 801 #0 $aPT$bBN$gRPC 966 ## $lBN$mFGMON$pBiblioteca Matilde Rosa Araújo$sH.G. 89293 V.$x3 971 ## $corlando$d20250522 973 ## $cigoulao$d20260601
|
|
|